Normal view
MARC view
Entry Topical Term
001 - CONTROL NUMBER
- control field: 29243
003 - CONTROL NUMBER IDENTIFIER
- control field: OSt
005 - DATE AND TIME OF LATEST TRANSACTION
- control field: 20220124114043.0
008 - FIXED-LENGTH DATA ELEMENTS
- fixed length control field: 220124|| aca||aabn | a|a d
040 ## - CATALOGING SOURCE
- Original cataloging agency: OSt
- Transcribing agency: OSt
150 ## - HEADING--TOPICAL TERM
- Topical term or geographic name entry element: Act East policy, ASEAN, India, Indo-Pacific, Quad, Vietnam
670 ## - SOURCE DATA FOUND
- Source citation: Work cat.: (OSt): Pulipaka, Sanjay Gar. Libni 29242, India and Vietnam in the Indo-Pacific
